Central Library OPAC University of Rajshahi

On the border with Crook / (Record no. 23539)

MARC details
000 -LEADER
fixed length control field 00745cam a2200241I 4500
001 - CONTROL NUMBER
control field 23539
003 - CONTROL NUMBER IDENTIFIER
rucl marc code BD-RjUL
005 - DATE AND TIME OF LATEST TRANSACTION
control field 20211209000936.0
008 - FIXED-LENGTH DATA ELEMENTS--GENERAL INFORMATION
fixed length control field 140311t1891 nyucf 00010 eng
035 ## - SYSTEM CONTROL NUMBER
System control number (BD-RjUL)23604
040 ## - CATALOGING SOURCE
Original cataloging agency DLC
Transcribing agency TOL
Modifying agency SER
-- m.c.
-- BOS
-- BD-RJUL
Language of cataloging eng
041 ## - LANGUAGE CODE
Language code of text/sound track or separate title eng
082 04 - DEWEY DECIMAL CLASSIFICATION NUMBER
Classification number 923.5
Author mark and year BOO 1891
090 ## - LOCALLY ASSIGNED LC-TYPE CALL NUMBER (OCLC); LOCAL CALL NUMBER (OCLC)
Classification number (OCLC) (R) ; Classification number, CALL (RLIN) (NR) E83.866
Local cutter number (OCLC) ; Book number/undivided call number, CALL (RLIN) .E91
100 1# - MAIN ENTRY--PERSONAL NAME
Personal name Bourke, John Gregory,
Dates associated with a name 1846-1896.
9 (RLIN) 72449
245 10 - TITLE STATEMENT
Title On the border with Crook /
Statement of responsibility, etc. by John G. Bourke ..
260 ## - PUBLICATION, DISTRIBUTION, ETC. (IMPRINT)
Place of publication, distribution, etc. New York :
Name of publisher, distributor, etc. C. Scribner's Sons,
Date of publication, distribution, etc. c1891.
300 ## - PHYSICAL DESCRIPTION
Pagination xiii, 491 p. :
Illustrations front., pl., port. ;
Size 23 cm.
600 10 - SUBJECT ADDED ENTRY--PERSONAL NAME
Personal name Crook, George,
Dates associated with a name 1829-1890.
650 #0 - SUBJECT ADDED ENTRY--TOPICAL TERM
Topical term or geographic name as entry element Indians of North America
General subdivision Wars
Chronological subdivision 1866-1895.
9 (RLIN) 72451
942 ## - ADDED ENTRY ELEMENTS (KOHA)
Source of classification or shelving scheme Dewey Decimal Classification
Koha item type Books
Holdings
Lost status Source of classification or shelving scheme Damaged status Not for loan Collection code Permanent Location Current Location Shelving location Date acquired Source of acquisition Total Checkouts Full call number Date last seen Copy number Koha item type
  Dewey Decimal Classification   Added to bundle Non-fiction Central Library, University of Rajshahi Central Library, University of Rajshahi Reading Room 06/06/1985 Australia   923.5 BOO 1891 11/03/2014 C-1 Books